Brainrot casuali - Statistics

Statistiche generali
  • Questo quiz è stato fatto 30 volte
  • Il punteggio medio è 9 su 32
Statistiche sulle risposte
con Immagini Risposta % Corretto
Trallalero Trallalà
91%
Ballerina Cappuccina
82%
Brr Brr Patapim
82%
Cappuccino Assassino
73%
Tung Tung Tung Sahur
68%
Bombardiro Crocodilo
55%
Lirili Larilà
55%
Bombombini Gusini
50%
Boneca Ambalabu
36%
Glorbo Fruttodrillo
36%
Espressona Signora
27%
Frigo Camelo Buffo Fardello
27%
Frulli Frullà
27%
Shimpanzini Bananini
27%
Matteo
23%
Trippi Troppi Troppa Trippa
23%
Ballerino Lololo
18%
Bobrito Bandito
14%
Burbaloni Luliloli
14%
Giraffa Celeste
14%
Piccione Macchina
14%
Pot Hotspot
9%
Ta Ta Ta Sahur
9%
Tric Trac Barabum
9%
Talpa di Ferro
5%
Bri Bri Bicus Dicus
0%
Chef Crabracadabra
0%
Il Cacto Ippopotamo
0%
Orangutini Anassini
0%
Spijuniro Golumbiro
0%
Tob Tob Bitob
0%
Udin Din Din Dun Madin Din Dun
0%
Nessun quiz corrispondente trovato
Distribuzione punteggi
Percentuale di utenti per punteggio
Percentile per numero di risposta
I tuoi punteggi nel tempo
Non hai fatto questo quiz